[Event "VIII Iberoamericano Mexico 2022"]
[Site "Mexico City"]
[Date "2022.02.18"]
[Round "7.9"]
[White "Cordova, Emilio"]
[Black "Jimenez Garcia, Emmanuel"]
[Result "1-0"]
[WhiteElo "2534"]
[BlackElo "2403"]
[Annotator "TA"]
[PlyCount "101"]
[EventDate "2022.02.12"]
[EventType "swiss"]
[EventCountry "MEX"]
[SourceTitle "playchess.com"]
[Source "ChessBase"]
[SourceQuality "1"]

{[%evp 9,101,13,17,8,18,10,41,41,48,54,103,96,78,93,123,110,147,148,218,209,327,312,327,156,146,149,151,160,161,150,249,210,249,253,244,191,201,200,203,202,187,117,134,141,123,135,140,130,133,108,110,119,113,117,115,138,153,156,149,139,172,0,223,218,233,218,250,263,264,266,245,243,566,562,550,516,1166,1166,1138,980,879,806,619,550,1550,1502,1017,1225,2229,1605,7425,6238,1628,1431]} 1. Nf3 g6 2. d4 Bg7 3. g3 c5 4. c3 Qa5 5. Bg2 cxd4 6. Nxd4 {A40: Unusual replies to 1 d4.} Nc6 {aiming for ...Nxd4.} 7. O-O {[#]} a6 $146 ({Predecessor:} 7... Nf6 8. Na3 O-O 9. Nc4 Qa6 10. Ne3 d6 11. Nxc6 bxc6 12. Qd3 d5 13. c4 Be6 14. cxd5 Qxd3 15. exd3 Nxd5 16. Nxd5 Bxd5 17. Bxd5 cxd5 {½-½ (31) Meskovs,N (2585)-Bernadskiy,V (2629) Ruma 2020}) 8. Nb3 {White is slightly better.} Qc7 9. c4 h5 (9... d6 $14) 10. Nc3 (10. c5 {keeps more tension.} h4 11. Nc3 Qd8 12. Bf4 Nf6 13. Rc1) 10... Bxc3 11. bxc3 h4 12. Bf4 e5 13. Bc1 {[%cal Bf4c1,Bc1a3,Ba3d6][%mdl 32]} Nge7 (13... f5 $16 14. Ba3 Nh6) 14. Ba3 $1 $18 hxg3 (14... h3 {was called for.}) 15. fxg3 ({Less strong is} 15. hxg3 f6 16. Qd3 Kf7 $18) 15... Nf5 16. Rxf5 gxf5 $16 17. Bd6 Qd8 18. Qd3 $1 {Active counter play!} Qf6 19. Rf1 $1 e4 {[#]} (19... f4 $16) 20. Qxe4+ $1 $18 {[%mdl 512]} fxe4 21. Rxf6 b6 22. Nd2 (22. Bxe4 $6 Bb7 23. Bd3 Na5) 22... Bb7 23. c5 ({Resist} 23. Bxe4 $6 Nd8 $16) 23... bxc5 24. Nxe4 Nd8 25. Bxc5 {A strong pair of Bishops.} (25. Rf4 $18 {[%cal Re4f6]} Bxe4 26. Rxe4+ Ne6 27. Ra4 (27. Rxe6+ dxe6 28. Bc6+ Kd8 $15)) 25... Bxe4 $16 26. Bxe4 Rc8 27. Bd4 a5 28. Rf5 {[%csl LRa5,LRh8]} Rh6 29. Rxa5 Nc6 30. Rg5 Ke7 31. Bxc6 Rcxc6 {[%mdl 4096] Endgame KRR-KRB} 32. a4 $1 Rc4 33. Ra5 Rcc6 34. Rb5 Rc4 35. Ra5 (35. a5 $18) 35... Re6 $2 (35... Rcc6 $1 $11 {and Black is okay.}) 36. Kf2 $18 Rcc6 37. Bc5+ Kf6 {[#]} 38. Rb5 $1 Kg6 39. Bd4 Rc4 40. Rb4 d5 (40... Rc8 41. a5 f5) 41. Rxc4 {White is clearly winning.} dxc4 {[#] KR-KB} 42. a5 $1 f5 (42... Kf5 $142 43. Kf3 Ra6) 43. Kf3 Kg5 44. e3 Kh5 45. h3 Kg5 46. g4 fxg4+ 47. hxg4 Rh6 48. Bb6 Rh3+ 49. Ke4 {Strongly threatening a6.} Kxg4 50. a6 {[%cal Ba5a6,Ba6a7][%mdl 32]} Rh8 51. a7 {Weighted Error Value: White=0.15 (very precise) /Black=0.32} 1-0

[Event "VIII Iberoamericano Mexico 2022"]
[Site "Mexico City"]
[Date "2022.02.18"]
[Round "7.10"]
[White "Henderson de La Fuente, Lance"]
[Black "Perez Garcia, Rodney Oscar"]
[Result "1-0"]
[WhiteElo "2494"]
[BlackElo "2331"]
[Annotator "ChessBase"]
[PlyCount "73"]
[EventDate "2022.02.12"]
[EventType "swiss"]
[EventCountry "MEX"]
[SourceTitle "playchess.com"]
[Source "ChessBase"]
[SourceQuality "1"]
[TimeControl "5400+30"]

1. e4 {[%emt 0:00:09]} c5 {[%emt 0:05:17]} 2. Nf3 {[%emt 0:00:34]} Nc6 {[%emt 0:02:12]} 3. d4 {[%emt 0:00:44]} cxd4 {[%emt 0:00:13]} 4. Nxd4 {[%emt 0:00:07]} Nf6 {[%emt 0:00:31]} 5. Nc3 {[%emt 0:00:19]} d6 {[%emt 0:00:18]} 6. g3 {[%emt 0:07:25]} g6 {[%emt 0:01:48]} 7. Nde2 {[%emt 0:01:00]} Bg7 {[%emt 0:02:45]} 8. Bg2 {[%emt 0:00:07]} Rb8 {[%emt 0:02:58]} 9. a4 {[%emt 0:00:24]} O-O {[%emt 0:09:26]} 10. O-O {[%emt 0:00:37]} a6 {[%emt 0:00:04]} 11. h3 {[%emt 0:00:22]} b5 {[%emt 0:02:10]} 12. axb5 {[%emt 0:00:08]} axb5 {[%emt 0:00:08]} 13. Be3 {[%emt 0:00:37]} b4 {[%emt 0:01:33]} 14. Nd5 {[%emt 0:00:28]} Nd7 {[%emt 0:01:31]} 15. Nd4 {[%emt 0:02:42]} Bb7 {[%emt 0:07:33]} 16. Nxc6 {[%emt 0:00:58]} Bxc6 {[%emt 0:00:13]} 17. Bd4 {[%emt 0:00:36]} e6 {[%emt 0:17:17]} 18. Bxg7 {[%emt 0:00:39]} Kxg7 {[%emt 0:01:51]} 19. Qd4+ {[%emt 0:02:26]} e5 {[%emt 0:01:06]} 20. Qd2 {[%emt 0:00:31]} Bxd5 {[%emt 0:06:23]} 21. Qxd5 {[%emt 0:00:45]} Qc7 {[%emt 0:00:18]} 22. Rfd1 {[%emt 0:04:47]} Rb6 {[%emt 0:04:01]} 23. Rd2 {[%emt 0:04:00]} Nc5 {[%emt 0:06:24]} 24. Bf1 {[%emt 0:12:23]} Ne6 {[%emt 0:00:55]} 25. Bc4 {[%emt 0:01:05]} Nd4 {[%emt 0:03:14]} 26. Rxd4 {[%emt 0:03:45]} exd4 {[%emt 0:00:18]} 27. Qxd4+ {[%emt 0:00:09]} Kg8 {[%emt 0:00:53]} 28. b3 {[%emt 0:00:30]} Rc6 {[%emt 0:09:05]} 29. Ra7 {[%emt 0:01:33]} Qb8 {[%emt 0:05:45]} 30. h4 {[%emt 0:02:44]} Rc7 {[%emt 0:01:13]} 31. Ra6 {[%emt 0:01:28]} Rd8 {[%emt 0:04:21]} 32. h5 {[%emt 0:02:08]} gxh5 {[%emt 0:00:06]} 33. Qf6 {[%emt 0:00:59]} Re8 {[%emt 0:03:58]} 34. Rxd6 {[%emt 0:01:20]} Rxc4 {[%emt 0:01:06]} 35. bxc4 {[%emt 0:00:14]} b3 {[%emt 0:00:31]} 36. Rd7 {[%emt 0:02:04]} Rf8 {[%emt 0:00:27]} 37. Rd5 {[%emt 0:00:33]} 1-0

[Event "VIII Iberoamericano Mexico 2022"]
[Site "Mexico City"]
[Date "2022.02.18"]
[Round "7.11"]
[White "Avila Rodriguez, Joshua Ad"]
[Black "Rodriguez Vila, Andres"]
[Result "0-1"]
[WhiteElo "2182"]
[BlackElo "2461"]
[Annotator "ChessBase"]
[PlyCount "105"]
[EventDate "2022.02.12"]
[EventType "swiss"]
[EventCountry "MEX"]
[SourceTitle "playchess.com"]
[Source "ChessBase"]
[SourceQuality "1"]
[TimeControl "5400+30"]

1. e4 {[%emt 0:00:32]} d6 {[%emt 0:00:53]} 2. d4 {[%emt 0:00:11]} g6 {[%emt 0:00:05]} 3. Nf3 {[%emt 0:00:19]} Bg7 {[%emt 0:00:54]} 4. c3 {[%emt 0:00:09]} Nf6 {[%emt 0:00:19]} 5. Bd3 {[%emt 0:00:06]} c5 {[%emt 0:00:07]} 6. O-O {[%emt 0:00:53]} O-O {[%emt 0:00:17]} 7. Re1 {[%emt 0:00:28]} Bg4 {[%emt 0:01:18]} 8. Nbd2 {[%emt 0:00:24]} cxd4 {[%emt 0:01:05]} 9. cxd4 {[%emt 0:00:06]} Nc6 {[%emt 0:00:29]} 10. h3 {[%emt 0:00:09]} Bd7 {[%emt 0:00:12]} 11. a3 {[%emt 0:00:07]} Nh5 {[%emt 0:01:10]} 12. d5 {[%emt 0:07:55]} Ne5 {[%emt 0:00:07]} 13. Nxe5 {[%emt 0:00:56]} dxe5 {[%emt 0:00:07]} 14. Nf3 {[%emt 0:03:58]} Qb6 {[%emt 0:04:21]} 15. Be3 {[%emt 0:16:19]} Qd6 {[%emt 0:01:32]} 16. Qb3 {[%emt 0:00:59]} f5 {[%emt 0:05:09]} 17. Bd2 {[%emt 0:14:42]} Kh8 {[%emt 0:17:10]} 18. Bb4 {[%emt 0:01:12]} Qb6 {[%emt 0:03:21]} 19. Nd2 {[%emt 0:02:43]} fxe4 {[%emt 0:00:41]} 20. Bxe4 {[%emt 0:06:11]} Qxf2+ {[%emt 0:04:09]} 21. Kh1 {[%emt 0:04:20]} Bh6 {[%emt 0:08:57]} 22. Nf1 {[%emt 0:01:38]} Bb5 {[%emt 0:00:41]} 23. Bd3 {[%emt 0:27:26]} Nf4 {[%emt 0:07:12]} 24. Be4 {[%emt 0:00:06]} Nh5 {[%emt 0:05:47]} 25. Bd3 {[%emt 0:00:10]} Bxd3 {[%emt 0:00:43]} 26. Qxd3 {[%emt 0:00:08]} Qxg2+ {[%emt 0:00:07]} 27. Kxg2 {[%emt 0:00:11]} Nf4+ {[%emt 0:00:02]} 28. Kg1 {[%emt 0:06:58]} Nxd3 {[%emt 0:00:04]} 29. Bxe7 {[%emt 0:00:11]} Nxe1 {[%emt 0:00:15]} 30. Rxe1 {[%emt 0:00:03]} Rf7 {[%emt 0:04:25]} 31. Rxe5 {[%emt 0:00:42]} Bf8 {[%emt 0:03:23]} 32. Bg5 {[%emt 0:01:16]} Bc5+ {[%emt 0:05:00]} 33. Be3 {[%emt 0:00:05]} Bxe3+ {[%emt 0:00:08]} 34. Nxe3 {[%emt 0:00:02]} Rd8 {[%emt 0:01:38]} 35. Kg2 {[%emt 0:01:02]} Kg7 {[%emt 0:00:23]} 36. Kg3 {[%emt 0:00:32]} Rdd7 {[%emt 0:00:31]} 37. Nc4 {[%emt 0:03:09]} b5 {[%emt 0:01:15]} 38. Ne3 {[%emt 0:00:28]} Rde7 {[%emt 0:00:16]} 39. Rxe7 {[%emt 0:01:17]} Rxe7 {[%emt 0:00:01]} 40. Kf4 {[%emt 0:00:26]} g5+ {[%emt 0:00:09]} 41. Kf3 {[%emt 0:00:03]} Kf6 {[%emt 0:00:07]} 42. Ng4+ {[%emt 0:00:14]} Kf5 {[%emt 0:00:07]} 43. Ne3+ {[%emt 0:01:34]} Ke5 {[%emt 0:00:29]} 44. Kg4 {[%emt 0:00:09]} Kf6 {[%emt 0:00:09]} 45. Kf3 {[%emt 0:00:15]} h5 {[%emt 0:00:10]} 46. a4 {[%emt 0:00:25]} bxa4 {[%emt 0:00:30]} 47. Nc4 {[%emt 0:00:03]} Rc7 {[%emt 0:00:37]} 48. Na3 {[%emt 0:00:23]} Ke5 {[%emt 0:00:15]} 49. d6 {[%emt 0:00:11]} Rf7+ {[%emt 0:00:19]} 50. Ke3 {[%emt 0:00:33]} Kxd6 {[%emt 0:00:06]} 51. Nb5+ {[%emt 0:00:03]} Kc5 {[%emt 0:00:11]} 52. Nc3 {[%emt 0:00:28]} Kb4 {[%emt 0:00:05]} 53. Kd4 {[%emt 0:04:10]} 0-1

[Event "VIII Iberoamericano Mexico 2022"]
[Site "Mexico City"]
[Date "2022.02.18"]
[Round "7.12"]
[White "Cardoso Cardoso, Jose Gabriel"]
[Black "Noboa Silva, Kevin"]
[Result "1-0"]
[WhiteElo "2461"]
[BlackElo "2331"]
[Annotator "ChessBase"]
[PlyCount "83"]
[EventDate "2022.02.12"]
[EventType "swiss"]
[EventCountry "MEX"]
[SourceTitle "playchess.com"]
[Source "ChessBase"]
[SourceQuality "1"]
[TimeControl "5400+30"]

1. e4 {[%emt 0:00:08]} e6 {[%emt 0:00:18]} 2. d4 {[%emt 0:00:15]} d5 {[%emt 0:00:09]} 3. Nc3 {[%emt 0:00:09]} Nf6 {[%emt 0:00:22]} 4. e5 {[%emt 0:00:13]} Nfd7 {[%emt 0:00:17]} 5. f4 {[%emt 0:00:09]} c5 {[%emt 0:00:17]} 6. Nf3 {[%emt 0:00:09]} Nc6 {[%emt 0:00:44]} 7. Be3 {[%emt 0:00:09]} cxd4 {[%emt 0:00:52]} 8. Nxd4 {[%emt 0:00:08]} Bc5 {[%emt 0:00:26]} 9. Qd2 {[%emt 0:00:14]} O-O {[%emt 0:00:43]} 10. O-O-O {[%emt 0:00:16]} Nxd4 {[%emt 0:01:03]} 11. Bxd4 {[%emt 0:00:09]} a6 {[%emt 0:00:21]} 12. Qe3 {[%emt 0:04:00]} Bxd4 {[%emt 0:02:05]} 13. Qxd4 {[%emt 0:02:48]} b5 {[%emt 0:01:38]} 14. Bd3 {[%emt 0:01:44]} Rb8 {[%emt 0:01:22]} 15. h4 {[%emt 0:04:07]} b4 {[%emt 0:02:07]} 16. Ne2 {[%emt 0:01:38]} Qc7 {[%emt 0:01:20]} 17. Kb1 {[%emt 0:11:46]} a5 {[%emt 0:04:04]} 18. h5 {[%emt 0:05:44]} Nc5 {[%emt 0:03:03]} 19. g4 {[%emt 0:07:39]} Ba6 {[%emt 0:04:50]} 20. Rc1 {[%emt 0:15:55]} Rfc8 {[%emt 0:12:10]} 21. Bxa6 {[%emt 0:04:45]} Nxa6 {[%emt 0:00:08]} 22. f5 {[%emt 0:00:09]} Qc4 {[%emt 0:04:12]} 23. Qe3 {[%emt 0:01:39]} Nc5 {[%emt 0:06:45]} 24. h6 {[%emt 0:10:18]} g6 {[%emt 0:09:03]} 25. Ng3 {[%emt 0:01:58]} Na4 {[%emt 0:15:36]} 26. Ka1 {[%emt 0:00:27]} Qc5 {[%emt 0:03:56]} 27. Qf4 {[%emt 0:00:31]} Qc4 {[%emt 0:02:32]} 28. Qd2 {[%emt 0:05:43]} Qxg4 {[%emt 0:05:15]} 29. Nh5 {[%emt 0:00:47]} Qxf5 {[%emt 0:10:22]} 30. Nf6+ {[%emt 0:00:12]} Kh8 {[%emt 0:00:26]} 31. Nd7 {[%emt 0:00:06]} Nc5 {[%emt 0:00:55]} 32. Nxc5 {[%emt 0:04:19]} Rxc5 {[%emt 0:00:29]} 33. Rhf1 {[%emt 0:00:03]} Qxe5 {[%emt 0:04:15]} 34. Rce1 {[%emt 0:00:06]} Qc7 {[%emt 0:00:28]} 35. Qd4+ {[%emt 0:00:07]} e5 {[%emt 0:00:30]} 36. Rxe5 {[%emt 0:00:04]} f6 {[%emt 0:00:23]} 37. Rxf6 {[%emt 0:00:54]} Kg8 {[%emt 0:00:36]} 38. Ree6 {[%emt 0:02:34]} Rxc2 {[%emt 0:03:49]} 39. Rxg6+ {[%emt 0:00:13]} hxg6 {[%emt 0:00:09]} 40. Rxg6+ {[%emt 0:00:04]} Kf7 {[%emt 0:00:40]} 41. Qf6+ {[%emt 0:00:08]} Ke8 {[%emt 0:00:08]} 42. Qe6+ {[%emt 0:00:04]} 1-0

[Event "VIII Iberoamericano Mexico 2022"]
[Site "Mexico City"]
[Date "2022.02.18"]
[Round "7.13"]
[White "Miranda Llanes, Yerisbel"]
[Black "Gonzalez Zamora, Juan Carlos"]
[Result "0-1"]
[WhiteElo "2261"]
[BlackElo "2544"]
[Annotator "ChessBase"]
[PlyCount "78"]
[EventDate "2022.02.12"]
[EventType "swiss"]
[EventCountry "MEX"]
[SourceTitle "playchess.com"]
[Source "ChessBase"]
[SourceQuality "1"]
[TimeControl "5400+30"]

1. d4 {[%emt 0:00:17]} d6 {[%emt 0:00:11]} 2. c4 {[%emt 0:00:05]} e5 {[%emt 0:00:10]} 3. Nc3 {[%emt 0:00:02]} exd4 {[%emt 0:00:30]} 4. Qxd4 {[%emt 0:00:03]} Nf6 {[%emt 0:00:23]} 5. e4 {[%emt 0:00:05]} Nc6 {[%emt 0:00:35]} 6. Qd2 {[%emt 0:00:12]} g6 {[%emt 0:00:13]} 7. Bd3 {[%emt 0:00:14]} Bg7 {[%emt 0:00:05]} 8. Nge2 {[%emt 0:00:36]} O-O {[%emt 0:01:14]} 9. O-O {[%emt 0:00:09]} Ne5 {[%emt 0:01:55]} 10. b3 {[%emt 0:04:37]} Nxd3 {[%emt 0:02:42]} 11. Qxd3 {[%emt 0:00:01]} Re8 {[%emt 0:02:46]} 12. Bg5 {[%emt 0:03:36]} h6 {[%emt 0:00:08]} 13. Be3 {[%emt 0:00:53]} a6 {[%emt 0:06:02]} 14. Rad1 {[%emt 0:02:12]} b5 {[%emt 0:02:58]} 15. f3 {[%emt 0:08:46]} bxc4 {[%emt 0:06:17]} 16. Qxc4 {[%emt 0:01:01]} Bd7 {[%emt 0:11:21]} 17. Nd4 {[%emt 0:08:19]} Qb8 {[%emt 0:01:16]} 18. Rf2 {[%emt 0:11:36]} Qb7 {[%emt 0:01:27]} 19. Qd3 {[%emt 0:08:32]} Re5 {[%emt 0:07:59]} 20. Nc2 {[%emt 0:03:10]} d5 {[%emt 0:04:56]} 21. Bd4 {[%emt 0:05:04]} dxe4 {[%emt 0:00:27]} 22. fxe4 {[%emt 0:02:40]} Ng4 {[%emt 0:01:49]} 23. Rf4 {[%emt 0:07:01]} c5 {[%emt 0:07:35]} 24. Bxe5 {[%emt 0:12:09]} Bxe5 {[%emt 0:04:24]} 25. Rff1 {[%emt 0:06:37]} Bxh2+ {[%emt 0:04:47]} 26. Kh1 {[%emt 0:00:01]} Be6 {[%emt 0:07:50]} 27. Nd5 {[%emt 0:00:39]} Be5 {[%emt 0:01:03]} 28. Nce3 {[%emt 0:03:28]} h5 {[%emt 0:00:35]} 29. Rc1 {[%emt 0:08:24]} Rc8 {[%emt 0:02:20]} 30. Nc4 {[%emt 0:01:15]} Bxd5 {[%emt 0:07:50]} 31. Qxd5 {[%emt 0:01:44]} Qe7 {[%emt 0:00:18]} 32. g3 {[%emt 0:02:22]} Bxg3 {[%emt 0:02:32]} 33. Kg2 {[%emt 0:00:00]} Bc7 {[%emt 0:00:12]} 34. Rc3 {[%emt 0:00:39]} Rd8 {[%emt 0:00:47]} 35. Qb7 {[%emt 0:00:39]} Ne5 {[%emt 0:01:04]} 36. Rg3 {[%emt 0:00:43]} Nxc4 {[%emt 0:01:14]} 37. bxc4 {[%emt 0:00:02]} Rd2+ {[%emt 0:00:42]} 38. Kg1 {[%emt 0:00:46]} Qe5 {[%emt 0:01:58]} 39. Rh3 {[%emt 0:00:47]} Qg5+ {[%emt 0:09:25]} 0-1

[Event "VIII Iberoamericano Mexico 2022"]
[Site "Mexico City"]
[Date "2022.02.18"]
[Round "7.14"]
[White "Quesada Perez, Luis Ernesto"]
[Black "Estrada Nieto, Julian"]
[Result "1-0"]
[WhiteElo "2517"]
[BlackElo "2253"]
[Annotator "ChessBase"]
[PlyCount "79"]
[EventDate "2022.02.12"]
[EventType "swiss"]
[EventCountry "MEX"]
[SourceTitle "playchess.com"]
[Source "ChessBase"]
[SourceQuality "1"]
[TimeControl "5400+30"]

1. c4 {[%emt 0:00:09]} e5 {[%emt 0:01:26]} 2. g3 {[%emt 0:00:01]} Nf6 {[%emt 0:00:45]} 3. Bg2 {[%emt 0:00:05]} d5 {[%emt 0:01:17]} 4. cxd5 {[%emt 0:00:07]} Nxd5 {[%emt 0:00:03]} 5. Nc3 {[%emt 0:00:08]} Nb6 {[%emt 0:00:07]} 6. Nf3 {[%emt 0:00:08]} Nc6 {[%emt 0:00:04]} 7. O-O {[%emt 0:00:19]} Be7 {[%emt 0:00:12]} 8. a3 {[%emt 0:00:06]} a5 {[%emt 0:06:45]} 9. d3 {[%emt 0:00:07]} O-O {[%emt 0:00:11]} 10. Be3 {[%emt 0:00:05]} Be6 {[%emt 0:02:37]} 11. Rc1 {[%emt 0:02:47]} Nd5 {[%emt 0:04:14]} 12. Nxd5 {[%emt 0:00:36]} Bxd5 {[%emt 0:00:04]} 13. Qa4 {[%emt 0:00:15]} Re8 {[%emt 0:10:53]} 14. Rfe1 {[%emt 0:21:12]} Qc8 {[%emt 0:19:54]} 15. Qb5 {[%emt 0:02:18]} Rd8 {[%emt 0:01:14]} 16. Nd2 {[%emt 0:03:16]} Bxg2 {[%emt 0:00:35]} 17. Kxg2 {[%emt 0:00:02]} a4 {[%emt 0:08:18]} 18. Qc4 {[%emt 0:02:20]} Rd7 {[%emt 0:04:23]} 19. Qe4 {[%emt 0:01:47]} Ra5 {[%emt 0:05:52]} 20. Rc4 {[%emt 0:01:47]} Nd4 {[%emt 0:06:42]} 21. Bxd4 {[%emt 0:01:00]} exd4 {[%emt 0:00:04]} 22. Rxd4 {[%emt 0:00:25]} Rxd4 {[%emt 0:00:45]} 23. Qxd4 {[%emt 0:00:02]} Bf6 {[%emt 0:01:12]} 24. Qb4 {[%emt 0:00:47]} Rh5 {[%emt 0:01:01]} 25. Nf3 {[%emt 0:09:15]} c6 {[%emt 0:10:19]} 26. Qxa4 {[%emt 0:02:35]} b5 {[%emt 0:04:03]} 27. Qb4 {[%emt 0:09:48]} c5 {[%emt 0:03:39]} 28. Qxb5 {[%emt 0:01:21]} Qh3+ {[%emt 0:00:23]} 29. Kh1 {[%emt 0:00:24]} g5 {[%emt 0:00:08]} 30. Rg1 {[%emt 0:04:09]} g4 {[%emt 0:00:34]} 31. Qb8+ {[%emt 0:00:48]} Kg7 {[%emt 0:00:05]} 32. Nh4 {[%emt 0:00:51]} Be5 {[%emt 0:00:59]} 33. Qd8 {[%emt 0:01:48]} Bf6 {[%emt 0:00:15]} 34. Qd7 {[%emt 0:00:16]} Be5 {[%emt 0:02:31]} 35. Rg2 {[%emt 0:00:38]} Kf6 {[%emt 0:03:16]} 36. Qc6+ {[%emt 0:01:35]} Kg7 {[%emt 0:00:10]} 37. Qxc5 {[%emt 0:00:19]} Rg5 {[%emt 0:01:43]} 38. e4 {[%emt 0:01:27]} Bf6 {[%emt 0:01:25]} 39. Nf5+ {[%emt 0:00:26]} Kg6 {[%emt 0:00:14]} 40. Qc8 {[%emt 0:00:56]} 1-0

[Event "VIII Iberoamericano Mexico 2022"]
[Site "Mexico City"]
[Date "2022.02.18"]
[Round "7.15"]
[White "Ibarra Chami, Luis Fernando"]
[Black "Tapie Amione, Pablo Adib"]
[Result "1/2-1/2"]
[WhiteElo "2451"]
[BlackElo "2241"]
[Annotator "ChessBase"]
[PlyCount "165"]
[EventDate "2022.02.12"]
[EventType "swiss"]
[EventCountry "MEX"]
[SourceTitle "playchess.com"]
[Source "ChessBase"]
[SourceQuality "1"]
[TimeControl "5400+30"]

1. e4 {[%emt 0:10:15]} c5 {[%emt 0:00:30]} 2. Nf3 {[%emt 0:00:07]} Nc6 {[%emt 0:00:12]} 3. d4 {[%emt 0:00:12]} cxd4 {[%emt 0:00:09]} 4. Nxd4 {[%emt 0:00:08]} e5 {[%emt 0:00:31]} 5. Nb5 {[%emt 0:00:33]} d6 {[%emt 0:00:25]} 6. c4 {[%emt 0:02:31]} Be6 {[%emt 0:00:49]} 7. Be2 {[%emt 0:04:14]} g6 {[%emt 0:02:15]} 8. O-O {[%emt 0:02:54]} Rc8 {[%emt 0:00:22]} 9. Be3 {[%emt 0:03:56]} Nf6 {[%emt 0:00:43]} 10. N1c3 {[%emt 0:07:35]} a6 {[%emt 0:01:30]} 11. Nd5 {[%emt 0:06:36]} Nd7 {[%emt 0:32:53]} 12. Nbc3 {[%emt 0:10:45]} Bg7 {[%emt 0:00:29]} 13. Qb3 {[%emt 0:08:20]} Na5 {[%emt 0:26:08]} 14. Qb4 {[%emt 0:06:23]} Nc5 {[%emt 0:01:03]} 15. Qb6 {[%emt 0:06:00]} Qxb6 {[%emt 0:06:39]} 16. Nxb6 {[%emt 0:00:06]} Rc6 {[%emt 0:00:03]} 17. Nbd5 {[%emt 0:07:16]} Nd7 {[%emt 0:00:14]} 18. b3 {[%emt 0:00:39]} f5 {[%emt 0:00:09]} 19. Rad1 {[%emt 0:01:20]} f4 {[%emt 0:01:50]} 20. Bc1 {[%emt 0:00:09]} Rc8 {[%emt 0:02:23]} 21. g3 {[%emt 0:01:10]} Rf8 {[%emt 0:06:21]} 22. Rfe1 {[%emt 0:09:29]} f3 {[%emt 0:04:51]} 23. Bf1 {[%emt 0:00:04]} Rf7 {[%emt 0:00:05]} 24. h4 {[%emt 0:01:03]} Nc6 {[%emt 0:00:14]} 25. Kh2 {[%emt 0:00:28]} Nd4 {[%emt 0:01:47]} 26. Bh3 {[%emt 0:01:22]} Bxh3 {[%emt 0:01:11]} 27. Kxh3 {[%emt 0:00:04]} Nc5 {[%emt 0:00:11]} 28. Be3 {[%emt 0:01:19]} Nce6 {[%emt 0:00:33]} 29. Rc1 {[%emt 0:01:31]} Rf8 {[%emt 0:02:32]} 30. Nb1 {[%emt 0:00:14]} Kf7 {[%emt 0:00:48]} 31. Na3 {[%emt 0:00:14]} Nc5 {[%emt 0:00:11]} 32. Rcd1 {[%emt 0:01:26]} Rfe8 {[%emt 0:00:03]} 33. Bc1 {[%emt 0:03:06]} b5 {[%emt 0:00:40]} 34. Bb2 {[%emt 0:01:08]} Nce6 {[%emt 0:01:00]} 35. g4 {[%emt 0:00:23]} Rc5 {[%emt 0:01:35]} 36. Kg3 {[%emt 0:00:05]} Rb8 {[%emt 0:00:16]} 37. Rd2 {[%emt 0:00:10]} Kg8 {[%emt 0:00:41]} 38. Ne3 {[%emt 0:00:16]} bxc4 {[%emt 0:00:28]} 39. Naxc4 {[%emt 0:00:07]} Bf8 {[%emt 0:00:42]} 40. Bxd4 {[%emt 0:00:20]} exd4 {[%emt 0:00:42]} 41. Nc2 {[%emt 0:00:34]} Bh6 {[%emt 0:00:10]} 42. Rd3 {[%emt 0:01:10]} Bf4+ {[%emt 0:01:11]} 43. Kxf3 {[%emt 0:00:20]} Rf8 {[%emt 0:00:03]} 44. Kg2 {[%emt 0:01:05]} Be5 {[%emt 0:00:38]} 45. Rf3 {[%emt 0:00:14]} Rxf3 {[%emt 0:00:25]} 46. Kxf3 {[%emt 0:00:04]} Rc8 {[%emt 0:00:02]} 47. Ke2 {[%emt 0:01:08]} Rf8 {[%emt 0:00:05]} 48. Rf1 {[%emt 0:01:34]} h5 {[%emt 0:00:02]} 49. gxh5 {[%emt 0:00:06]} Rf4 {[%emt 0:00:20]} 50. hxg6 {[%emt 0:00:55]} Rxe4+ {[%emt 0:00:06]} 51. Kd1 {[%emt 0:00:06]} Rxh4 {[%emt 0:00:31]} 52. Re1 {[%emt 0:00:13]} Rh5 {[%emt 0:00:04]} 53. Nb4 {[%emt 0:00:19]} Nf4 {[%emt 0:00:23]} 54. Nxa6 {[%emt 0:02:00]} Nd3 {[%emt 0:00:03]} 55. Re2 {[%emt 0:00:03]} Rf5 {[%emt 0:00:02]} 56. Kd2 {[%emt 0:01:20]} Nxf2 {[%emt 0:00:09]} 57. Nb4 {[%emt 0:00:17]} Bg3 {[%emt 0:01:40]} 58. Nd3 {[%emt 0:00:17]} d5 {[%emt 0:00:01]} 59. Nd6 {[%emt 0:00:51]} Rf3 {[%emt 0:03:09]} 60. Nxf2 {[%emt 0:00:03]} Bxf2 {[%emt 0:00:02]} 61. Re8+ {[%emt 0:00:15]} Kg7 {[%emt 0:00:09]} 62. Ke2 {[%emt 0:00:06]} Rf6 {[%emt 0:00:52]} 63. Re7+ {[%emt 0:00:06]} Kxg6 {[%emt 0:00:11]} 64. Nb5 {[%emt 0:02:21]} Bg1 {[%emt 0:00:15]} 65. Kd3 {[%emt 0:00:24]} Rf3+ {[%emt 0:00:05]} 66. Kd2 {[%emt 0:00:10]} Be3+ {[%emt 0:01:15]} 67. Kd3 {[%emt 0:01:24]} Bg5+ {[%emt 0:05:54]} 68. Ke2 {[%emt 0:00:05]} Rh3 {[%emt 0:00:10]} 69. Re6+ {[%emt 0:00:05]} Kf7 {[%emt 0:00:02]} 70. Nxd4 {[%emt 0:02:27]} Rh4 {[%emt 0:01:18]} 71. Re5 {[%emt 0:00:21]} Bf6 {[%emt 0:00:01]} 72. Nf3 {[%emt 0:00:26]} Bxe5 {[%emt 0:01:17]} 73. Nxh4 {[%emt 0:00:04]} Ke6 {[%emt 0:00:04]} 74. Kd3 {[%emt 0:00:08]} Kd6 {[%emt 0:00:06]} 75. Nf3 {[%emt 0:00:12]} Bf6 {[%emt 0:00:04]} 76. b4 {[%emt 0:00:09]} Kc6 {[%emt 0:00:15]} 77. Nd4+ {[%emt 0:00:14]} Kb6 {[%emt 0:00:05]} 78. a4 {[%emt 0:00:07]} Be7 {[%emt 0:00:04]} 79. Kc3 {[%emt 0:01:18]} Bf6 {[%emt 0:00:01]} 80. Kd3 {[%emt 0:01:04]} Be7 {[%emt 0:00:02]} 81. b5 {[%emt 0:01:34]} Ka5 {[%emt 0:00:44]} 82. Nf5 {[%emt 0:00:06]} Bc5 {[%emt 0:00:12]} 83. Ne3 {[%emt 0:00:50]} 1/2-1/2